Normal view
MARC view
- Samuel A. Safran
Entry Personal Name
001 - CONTROL NUMBER
- control field: 52171
003 - CONTROL NUMBER IDENTIFIER
- control field: NUST
005 - DATE AND TIME OF LATEST TRANSACTION
- control field: 20210421115321.0
008 - FIXED-LENGTH DATA ELEMENTS
- fixed length control field: 210421|| aca||aabn | a|a d
040 ## - CATALOGING SOURCE
- Original cataloging agency: NUST
- Transcribing agency: NUST
100 ## - HEADING--PERSONAL NAME
- Personal name: Samuel A. Safran
670 ## - SOURCE DATA FOUND
- Source citation: Work cat.: (NUST): Samuel A. Safran , Statistical Thermodynamics of Surfaces, Interfaces, and Membranes, 1994
